000 02345cam a22001934a 4500
005 20250605164023.0
008 250528s ||||||||||||||||||||||||d
035 _a16420
020 _a9602562188
040 _aGR-AtMCL
_bgre
_dGR-AtMCL
_eAACR2
245 1 _aΙστορία της Ψυχιατρικής στην Ελλάδα / Θεσμοί, Ιδρύματα και Κοινωνικό Πλαίσιο 1850 - 1920
260 _bΕξάντας,
_c1995
300 _a256
520 _aΗ παρούσα εργασία πραγματεύεται την εγκατάσταση της ψυχιατρικής στην Ελλάδα ως κοινωνικού θεσμού, με ειδικά ιδρύματα, ειδική νομοθεσία, σχέσεις με την διοίκηση και την δικαιοσύνη. Πρόλογος, Εισαγωγή, Οι Ψυχοπαθείς και η Εκκλησία, Οι Ψυχοπαθείς στην Οθωμανική Αυτοκρατορία, Τα Οθωμανικά Νοσοκομεία, Τα Ελληνικά Νοσοκομεία, Το Αρμένικο Νοσοκομείο της Κωνσταντινούπολης, Τα Νοσοκομεία των Δυτικών Αποστόλων, Το Φρενοκομείο της Κέρκυρας, Οι Ψυχοπαθείς στην Ελλάδα, Μετά τη Δημιουργία του Ανεξάρτητου Ελληνικού Κράτους, Η Ψυχιατρική και οι Ψυχίατροι, Η Νομοθεσία, Το Πρόβλημα των Επικίνδυνων Ψυχοπαθών, Τα Σχέδια των Ιδρυμάτων που δεν Πραγματοποιήθηκαν Ποτέ, Η Εξέλιξη του Ψυχιατρείου της Κέρκυρας ως Ελληνικού Ιδρύματος, Το Δρομοκαϊτιο, Τα Επαρχιακά Ιδρύματα, Η Πανεπιστημιακή Κλινική (Αιγινήτειο), Οι Ιδιωτικές Κλινικές, Οι Πυρήνες των Δημόσιων των Δμόσιων Ψυχιατρείων της Αθήνας και της Σούδας και της Θεσσαλονίκης, Επίλογος, Παράρτημα, Βιβλιογραφία.
700 1 _aΠλουμπίδης Δημήτρης
_92511
942 _cBK
999 _c1921
_d1921